000 00996nam a22002057a 4500
999 _c64080
_d64080
003 Ge_BSU
005 20260325110447.0
008 260325s1949 ge ||||| |||| 00| 0 geo d
041 _ageo
080 _a31:33 ბ-51
100 _aბერაძე, შ.
_927201
245 _aეკონომიური სტატისტიკა. ნაწ. 1 /
_c შ. ბერაძე; [რედ.: ვ. პაპავა, გ. გამყრელიძე].
264 _aთბილისი :
_b სტალინის სახ. თბილ. უნ-ტის გამ-ბა და სტ.,
_c 1949.
300 _a184 გვ. ;
_b22 გვ.
504 _aბიბლიოგრაფია: გვ. 180-182.
653 _aეკონომიური სტატისტიკა.
700 _aპაპავა, ვ.
_eრედაქტორი
_927202
700 _aგამყრელიძე, გ.
_eრედაქტორი
_919256
942 _2udc
_cᲬᲘᲒᲜᲘ